Pâtisserie/viennoiserie #2 - Statistiques

Statistiques générales
  • Ce quiz a été pris 577 fois
  • Le résultat moyen est 12 sur 20
Statistiques - réponses
Par images Réponse % Correct
Madeleine
91%
Galette des rois
90%
Meringue
90%
Brownie
88%
Bretzel
85%
Forêt noire
83%
Financier
79%
Buche de Noël
78%
Religieuse
78%
Baba au rhum
72%
Napolitain
70%
Tarte tatin
67%
Opéra
60%
Cheese cake
42%
Saint-Honoré
41%
Eclair vanille
37%
Pain viennois
31%
Lunettes
28%
Tresse au chocolat
8%
Beignets de carnaval
4%
Aucun quiz correspondant
Distribution des résultats
% des personnes avec chaque résultat
Percentile par nombre de réponses
Votre historique - résultats
Vous n’avez pas pris ce quiz